000 00684cam a2200229 a 4500
001 000008666
005 20200929161400.0
008 910103s1968 ve 000 f spa c
035 _a(DLC) 91100634
040 _aDO-SdBNP
_bspa
_cICU
_dBNPHU
082 _aV863.44
_bM417p
100 1 _aMassiani, Francisco,
_d1944-
_923104
245 1 0 _aPiedra de mar :
_bnovela /
_cFrancisco Massiani.
260 _aCaracas, (Venezuela) :
_bMonte Ávila,
_c1968.
300 _a129 p. ;
_c18 cm.
490 1 _aContinente
650 4 _aNovela venezolana
_93962
650 4 _aLiteratura venezolana
_ySIGLO XX
_99777
830 0 _aContinente.
_95070
910 _aCatalogación Derivada
049 _aBNGR
999 _c8436
_d8436